Gaming Quiz

Random Gaming or Video Games Quiz

Best NBA 2K Players Each Year Quiz Stats

 Plays Quiz Updated Sep 25, 2018

Challenge
Share
Tweet
Embed
Score 0/284 Timer 15:00
6 Plays Today
Hint Player % Correct
2K19LeBron James
99.3%
2K18LeBron James
99.1%
2K17LeBron James
99%
2K16LeBron James
99%
2K15LeBron James
99%
2K14LeBron James
99%
2K13LeBron James
99%
2K12LeBron James
99%
2K11LeBron James
99%
2K10LeBron James
99%
2K9LeBron James
99%
2K8LeBron James
99%
2K7LeBron James
99%
2K19Stephen Curry
96.6%
2K19Kevin Durant
96.6%
2K17Stephen Curry
96.4%
2K16Stephen Curry
96.4%
2K15Stephen Curry
96.4%
2K14Stephen Curry
96.4%
2K18Stephen Curry
96.2%
2K18Kevin Durant
96%
2K17Kevin Durant
95%
2K16Kevin Durant
95%
2K15Kevin Durant
95%
2K14Kevin Durant
95%
2K13Kevin Durant
95%
2K12Kevin Durant
95%
2K11Kevin Durant
95%
2K19James Harden
92.5%
2K17Russell Westbrook
91.5%
2K16Russell Westbrook
91.5%
2K15Russell Westbrook
91.5%
2K14Russell Westbrook
91.5%
2K13Russell Westbrook
91.5%
2K12Russell Westbrook
91.5%
2K18Russell Westbrook
91.2%
2K18James Harden
90.7%
2K19Russell Westbrook
90.5%
2K15Kobe Bryant
89.3%
2K14Kobe Bryant
89.3%
2K13Kobe Bryant
89.3%
2K12Kobe Bryant
89.3%
2K11Kobe Bryant
89.3%
2K10Kobe Bryant
89.3%
2K9Kobe Bryant
89.3%
2K8Kobe Bryant
89.3%
2K7Kobe Bryant
89.3%
2K17James Harden
87.8%
2K16James Harden
87.8%
2K15James Harden
87.8%
2K14James Harden
87.8%
2K19Anthony Davis
87.3%
2K19Kyrie Irving
86.1%
2K18Anthony Davis
85.2%
2K18Kyrie Irving
85%
2K19Kawhi Leonard
84.9%
2K19Klay Thompson
84.8%
2K18Kawhi Leonard
84.6%
2K17Klay Thompson
84.3%
2K16Klay Thompson
84.3%
2K17Anthony Davis
83.9%
2K16Anthony Davis
83.9%
2K15Anthony Davis
83.9%
2K17Chris Paul
83.8%
2K16Chris Paul
83.8%
2K15Chris Paul
83.8%
2K14Chris Paul
83.8%
2K13Chris Paul
83.8%
2K12Chris Paul
83.8%
2K11Chris Paul
83.8%
2K10Chris Paul
83.8%
2K9Chris Paul
83.8%
2K8Chris Paul
83.8%
2K19Chris Paul
83.1%
2K18Klay Thompson
82.8%
2K18Chris Paul
82.8%
2K9Baron Davis
82.8%
2K8Baron Davis
82.8%
2K17Kawhi Leonard
82.7%
2K16Kawhi Leonard
82.7%
2K17Dwyane Wade
82%
2K16Dwyane Wade
82%
2K14Dwyane Wade
82%
2K13Dwyane Wade
82%
2K12Dwyane Wade
82%
2K11Dwyane Wade
82%
2K10Dwyane Wade
82%
2K9Dwyane Wade
82%
2K8Dwyane Wade
82%
2K7Dwyane Wade
82%
2K17Kyrie Irving
82%
2K16Kyrie Irving
82%
2K14Kyrie Irving
82%
2K19Paul George
80.7%
2K18Paul George
80%
Hint Player % Correct
2K17Draymond Green
79.6%
2K19Giannis Antetokounmpo
79.3%
2K18DeMarcus Cousins
79.2%
2K19DeMarcus Cousins
78.7%
2K17Paul George
78.4%
2K16Paul George
78.4%
2K15Paul George
78.4%
2K14Paul George
78.4%
2K17DeMarcus Cousins
78.3%
2K16DeMarcus Cousins
78.3%
2K16Tim Duncan
78.1%
2K15Tim Duncan
78.1%
2K14Tim Duncan
78.1%
2K13Tim Duncan
78.1%
2K12Tim Duncan
78.1%
2K11Tim Duncan
78.1%
2K10Tim Duncan
78.1%
2K9Tim Duncan
78.1%
2K8Tim Duncan
78.1%
2K7Tim Duncan
78.1%
2K17Carmelo Anthony
77.3%
2K16Carmelo Anthony
77.3%
2K15Carmelo Anthony
77.3%
2K14Carmelo Anthony
77.3%
2K13Carmelo Anthony
77.3%
2K12Carmelo Anthony
77.3%
2K11Carmelo Anthony
77.3%
2K10Carmelo Anthony
77.3%
2K9Carmelo Anthony
77.3%
2K8Carmelo Anthony
77.3%
2K7Shaquille O'Neal
76.8%
2K10Kevin Garnett
73.9%
2K9Kevin Garnett
73.9%
2K8Kevin Garnett
73.9%
2K7Kevin Garnett
73.9%
2K17Blake Griffin
73.3%
2K19Damian Lillard
73.3%
2K16Blake Griffin
73.3%
2K15Blake Griffin
73.3%
2K13Blake Griffin
73.3%
2K12Blake Griffin
73.3%
2K18John Wall
73.2%
2K19John Wall
73.2%
2K17John Wall
72.7%
2K16John Wall
72.7%
2K19DeMar DeRozan
72.2%
2K19Joel Embiid
71.8%
2K19Karl-Anthony Towns
71.4%
2K18Damian Lillard
70.4%
2K18Karl-Anthony Towns
70%
2K7Jermaine O'Neal
69.8%
2K10Paul Pierce
69.7%
2K9Paul Pierce
69.7%
2K8Paul Pierce
69.7%
2K7Paul Pierce
69.7%
2K18Giannis Antetokounmpo
69.6%
2K15Tony Parker
69.3%
2K14Tony Parker
69.3%
2K13Tony Parker
69.3%
2K10Tony Parker
69.3%
2K17Damian Lillard
69.2%
2K16Damian Lillard
69.2%
2K15Damian Lillard
69.2%
2K9Allen Iverson
68.9%
2K8Allen Iverson
68.9%
2K7Allen Iverson
68.9%
2K19Jimmy Butler
68.9%
2K17Jimmy Butler
68.8%
2K16Jimmy Butler
68.8%
2K16Pau Gasol
68.6%
2K13Pau Gasol
68.6%
2K12Pau Gasol
68.6%
2K11Pau Gasol
68.6%
2K10Pau Gasol
68.6%
2K9Pau Gasol
68.6%
2K8Pau Gasol
68.6%
2K7Pau Gasol
68.6%
2K16Marc Gasol
68.5%
2K18DeMar DeRozan
67.8%
2K9Caron Butler
67.4%
2K18Jimmy Butler
67.3%
2K11Chris Bosh
67.3%
2K10Chris Bosh
67.3%
2K8Chris Bosh
67.3%
2K7Chris Bosh
67.3%
2K15Dirk Nowitzki
67.1%
2K12Dirk Nowitzki
67.1%
2K9Dirk Nowitzki
67.1%
2K8Dirk Nowitzki
67.1%
2K7Dirk Nowitzki
67.1%
2K15Dwight Howard
66.9%
2K14Dwight Howard
66.9%
2K13Dwight Howard
66.9%
2K12Dwight Howard
66.9%
2K11Dwight Howard
66.9%
Hint Player % Correct
2K10Dwight Howard
66.9%
2K9Dwight Howard
66.9%
2K8Dwight Howard
66.9%
2K8Ray Allen
66.5%
2K7Ray Allen
66.5%
2K15Derrick Rose
66.3%
2K14Derrick Rose
66.3%
2K13Derrick Rose
66.3%
2K12Derrick Rose
66.3%
2K11Derrick Rose
66.3%
2K18Marc Gasol
65.9%
2K17DeMar Derozan
65%
2K15Kevin Love
64.8%
2K14Kevin Love
64.8%
2K13Kevin Love
64.8%
2K17Karl-Anthony Towns
64.7%
2K13Steve Nash
63.6%
2K12Steve Nash
63.6%
2K11Steve Nash
63.6%
2K9Steve Nash
63.6%
2K8Steve Nash
63.6%
2K7Steve Nash
63.6%
2K15Rajon Rondo
57.6%
2K14Rajon Rondo
57.6%
2K13Rajon Rondo
57.6%
2K12Rajon Rondo
57.6%
2K11Rajon Rondo
57.6%
2K10Rajon Rondo
57.6%
2K18Isaiah Thomas
57.4%
2K19Nikola Jokic
55.2%
2K17LaMarcus Aldridge
54%
2K16LaMarcus Aldridge
54%
2K15LaMarcus Aldridge
54%
2K13LaMarcus Aldridge
54%
2K9Tracy McGrady
53.6%
2K8Tracy McGrady
53.6%
2K7Tracy McGrady
53.6%
2K14Manu Ginobili
52.3%
2K13Manu Ginobili
52.3%
2K12Manu Ginobili
52.3%
2K11Manu Ginobili
52.3%
2K9Manu Ginobili
52.3%
2K9Jason Kidd
51%
2K8Jason Kidd
51%
2K7Jason Kidd
51%
2K14Deron Williams
48.1%
2K13Deron Williams
48.1%
2K12Deron Williams
48.1%
2K11Deron Williams
48.1%
2K10Deron Williams
48.1%
2K9Deron Williams
48.1%
2K9Yao Ming
46.8%
2K8Yao Ming
46.8%
2K17Andre Drummond
46.8%
2K14Josh Smith
45.2%
2K13Josh Smith
45.2%
2K11Joe Johnson
44.4%
2K12Amar'e Stoudemire
43%
2K11Amar'e Stoudemire
43%
2K9Amar'e Stoudemire
43%
2K8Amar'e Stoudemire
43%
2K7Amar'e Stoudemire
43%
2K10Chauncey Billups
40.2%
2K7Chauncey Billups
40.2%
2K15Joakim Noah
38.5%
2K10Gilbert Arenas
32.3%
2K9Gilbert Arenas
32.3%
2K8Gilbert Arenas
32.3%
2K7Gilbert Arenas
32.3%
2K13Andre Iguodala
31.6%
2K12Andre Iguodala
31.6%
2K11Andre Iguodala
31.6%
2K10Andre Iguodala
31.6%
2K15Al Jefferson
30.6%
2K10Al Jefferson
30.6%
2K9Al Jefferson
30.6%
2K8Shawn Marion
29.3%
2K7Shawn Marion
29.3%
2K14Rudy Gay
27.4%
2K13Rudy Gay
27.4%
2K12Rudy Gay
27.4%
2K11Brandon Roy
26.4%
2K10Brandon Roy
26.4%
2K14Andrew Bynum
26.3%
2K13Andrew Bynum
26.3%
2K13Monta Ellis
26.2%
2K11Carlos Boozer
25.8%
2K10Carlos Boozer
25.8%
2K14Jrue Holiday
22.8%
2K9Elton Brand
21.2%
2K8Elton Brand
21.2%
2K7Elton Brand
21.2%
2K10Danny Granger
21%
2K10Devin Harris
15.4%

You're not logged in!

Compare scores with friends on all Sporcle quizzes.
OR
Log In

You Might Also Like...

Show Comments

Extras

Top Quizzes Today


Score Distribution

Your Account Isn't Verified!

In order to create a playlist on Sporcle, you need to verify the email address you used during registration. Go to your Sporcle Settings to finish the process.

Report this User

Report this user for behavior that violates our Community Guidelines.

Details: